Statistiken für Kampfsportarten (olympisch)

Klicken Sie hier um das Quiz zu spielen!

Allgemein

  • Dieses Quiz wurde 105 mal gespielt
  • Das Durchschnittsergebnis liegt bei 4 aus 6

Antwortstatistiken

ausgetragenDisziplin% Korrekt
stets seit München 1972Judo
86%
nur Tokio 2021Karate
83%
stets seit Antwerpen 1920Boxen
81%
stets bis auf Paris 1900Ringen
77%
stets seit Athen 1896Fechten
44%
stets seit Sydney 2000Taekwondo
42%

Verteilung der Resultate

Perzentil nach korrekt beantworteten Fragen

Anzahl Personen mit jedem Resultat

Ihre Resultats-Entwicklung

Sie haben dieses Quiz noch nicht gespielt